Klasztor i kościół św. Józefa SS. Bernardynek w Krakowie, 1646-1946

Saved in:  
Bibliographic Details
Main Author: Gustaw, Romuald (Author)
Format: Print Book
Language:Polish
Subito Delivery Service: Order now.
Check availability: HBZ Gateway
WorldCat: WorldCat
Interlibrary Loan:Interlibrary Loan for the Fachinformationsdienste (Specialized Information Services in Germany)
Published: Kraków Nakł. Ksie̜g. S. Kamińskiego 1947
In: Biblioteka krakowska (105)
Year: 1947
Series/Journal:Biblioteka krakowska 105
Further subjects:B Kraków (Poland) / Kościół świe̜tego Józefa
B Monasticism
B Kraków (Poland) / Bernardynek / Klasztor SS
B Kościoły Historia Polska Kraków
B Saint Bernard
B Kraków

MARC

LEADER 00000cam a22000002c 4500
001 1384127496
003 DE-627
005 20240503204123.0
007 tu
008 091208s1947 pl ||||| 00| ||pol c
035 |a (DE-627)1384127496 
035 |a (DE-576)314127496 
035 |a (DE-599)BSZ314127496 
035 |a (OCoLC)26332234 
035 |a (OCoLC)214934086 
040 |a DE-627  |b ger  |c DE-627  |e rakwb 
041 |a pol 
044 |c XA-PL 
084 |a 1  |2 ssgn 
100 1 |a Gustaw, Romuald  |4 aut 
242 1 0 |a Kloster und Kirche des Hl. Josephs der Bernhardiner in Krakau 1646 - 1946  |y pol 
245 1 0 |a Klasztor i kościół św. Józefa SS. Bernardynek w Krakowie, 1646-1946  |c Romuald Gustaw 
264 1 |a Kraków  |b Nakł. Ksie̜g. S. Kamińskiego  |c 1947 
300 |a 207 S., X Pl.  |b Ill.  |c 21 cm 
336 |a Text  |b txt  |2 rdacontent 
337 |a ohne Hilfsmittel zu benutzen  |b n  |2 rdamedia 
338 |a Band  |b nc  |2 rdacarrier 
490 1 |a Biblioteka krakowska  |v t. 105 
500 |a Bibliography: p. [7]-22 
583 1 |a Archivierung prüfen  |c 20200919  |f DE-640  |z 1  |2 pdager 
583 1 |a Archivierung/Langzeitarchivierung gewährleistet  |f SSG  |x XA-DE-BW  |2 pdager  |5 DE-21 
610 2 0 |a Kraków (Poland) / Klasztor SS / Bernardynek 
610 2 0 |a Kraków (Poland) / Kościół świe̜tego Józefa 
650 0 |a Kościoły  |x historia  |x Polska  |x Kraków 
650 0 7 |0 (DE-588)4074927-7  |0 (DE-627)106087940  |0 (DE-576)209195762  |a Mönchtum  |2 gnd 
650 0 7 |0 (DE-588)4192291-8  |0 (DE-627)105235628  |0 (DE-576)210079495  |a Bernhardiner  |2 gnd 
651 7 |0 (DE-588)4073760-3  |0 (DE-627)106091573  |0 (DE-576)209191457  |a Krakau  |2 gnd 
830 0 |a Biblioteka krakowska  |v 105  |9 105  |w (DE-627)165685360  |w (DE-576)019714440  |w (DE-600)1164684-6  |x 0067-7698  |7 am 
935 |a mteo 
951 |a BO 
ELC |b 1 
ITA |a 1  |t 1 
LOK |0 000 xxxxxcx a22 zn 4500 
LOK |0 001 2616742632 
LOK |0 003 DE-627 
LOK |0 004 1384127496 
LOK |0 005 20091209191141 
LOK |0 008 091208||||||||||||||||ger||||||| 
LOK |0 040   |a DE-21  |c DE-627  |d DE-21 
LOK |0 852   |a DE-21 
LOK |0 852 1  |c Gh 7168  |9 00 
LOK |0 935   |a dika  |a theo  |a sepp 
LOK |0 939   |a 08-12-09  |b l01 
ORI |a SA-MARC-ixtheoa001.raw 
STA 0 0 |a Kraków,Cracow,Monasticism,Monasticism,Saint Bernard 
STB 0 0 |a Monachisme,Monachisme,Ordres monastiques et religieux,Saint-bernard 
STC 0 0 |a Monaquismo,Monaquismo,Sanbernardino 
STD 0 0 |a Cane di San Bernardo,San Bernardo (cane),San Bernardo,Monachesimo,Monachesimo 
STE 0 0 |a 修行制度,修行制度,修道院生活,修道院制度,修道院生活,修道院制度 
STF 0 0 |a 修行制度,修行制度,修道院生活,修道院制度,修道院生活,修道院制度 
STG 0 0 |a Monaquismo,Monaquismo,Sanbernardino 
STH 0 0 |a Монашество (мотив),Монашество,Сенбернар 
STI 0 0 |a Μοναχισμός (μοτίβο),Μοναχισμός,Σκύλος του Αγίου Βερνάρδου 
SYE 0 0 |a Mönchstum , Sankt-Bernhards-Hund 
SYF 0 0 |a Kraków,Krakow,Cracovie,Cracovia,Cracow,Krakoi,Krakov,Cracov